MARC

LEADER 00000nlm0a2200000 4500
001 648151
005 20231102025551.0
029 1 0 |a RU  |b 2457261  |c Пат.  |d МПК C21D9/22 
035 |a (RuTPU)RU\TPU\network\13308 
035 |a RU\TPU\network\7794 
039 0 |a RU  |b 2587555  |c 19780503 
090 |a 648151 
100 |a 20160512j20122707k y0rusy50 ca 
101 0 |a rus 
102 |a RU 
105 |a a k 000zy 
135 |a drmn ---uucaa 
181 0 |a i  
182 0 |a b 
200 1 |a Способ электронно-пучкового упрочнения твердосплавного инструмента или изделия  |f В. Е. Овчаренко [и др.]  |g Институт физики прочности и материаловедения (ИФПМ) ; Институт сильноточной электроники (ИСЭ) ; Национальный исследовательский Томский политехнический университет (ТПУ) 
203 |a Текст  |c электронный 
300 |a опубл. 27.07.12 
610 1 |a патенты 
610 1 |a труды учёных ТПУ 
610 1 |a электронный ресурс 
701 1 |a Овчаренко  |b В. Е.  |c специалист в области машиностроения  |c профессор-консультант Юргинского технологического института (филиала) Томского политехнического университета, доктор технических наук  |f 1945-  |g Владимир Ефимович  |2 stltpush  |3 (RuTPU)RU\TPU\pers\28211  |9 13165 
701 1 |a Иванов  |b Ю. Ф.  |c физик  |c профессор Томского политехнического университета, доктор физико-математических наук  |f 1955-  |g Юрий Федорович  |2 stltpush  |3 (RuTPU)RU\TPU\pers\28208 
701 1 |a Моховиков  |b А. А.  |c специалист в области машиностроения  |c заведующий кафедрой Юргинского технологического института (филиала) Томского политехнического университета, кандидат технических наук  |f 1976-  |g Алексей Александрович  |2 stltpush  |3 (RuTPU)RU\TPU\pers\24324  |9 10778 
701 1 |a Коваль  |b Н. Н.  |c специалист в области электроники  |c профессор Томского политехнического университета, доктор технических наук  |f 1948-  |g Николай Николаевич  |2 stltpush  |3 (RuTPU)RU\TPU\pers\31831 
701 1 |a Тересов  |b А. Д.  |g Антон Дмитриевич 
712 0 2 |a Российская академия наук (РАН)  |b Сибирское отделение (СО)  |b Институт физики прочности и материаловедения (ИФПМ)  |c (Томск)  |2 stltpush  |3 (RuTPU)RU\TPU\col\265 
712 0 2 |a Российская академия наук (РАН)  |b Сибирское отделение (СО)  |b Институт сильноточной электроники (ИСЭ)  |c (Томск)  |2 stltpush  |3 (RuTPU)RU\TPU\col\1124 
712 0 2 |a Национальный исследовательский Томский политехнический университет (ТПУ)  |c (2009- )  |2 stltpush  |3 (RuTPU)RU\TPU\col\15902 
801 1 |a RU  |b 63413507  |c 20120201 
801 2 |a RU  |b 63413507  |c 20160603  |g RCR 
856 4 |u http://www.fips.ru/Archive/PAT/2012FULL/2012.07.27/DOC/RUNWC1/000/000/002/457/261/document.pdf 
942 |c CF